| 000 | 01297nac a22002531u 4500 | ||
|---|---|---|---|
| 010 | _a2003042220 | ||
| 020 | _a0735619271 | ||
| 020 | _a8120323467 | ||
| 082 | 0 | 0 |
_a005.2768 _bW3651 |
| 090 |
_c566 _d566 |
||
| 100 | _aWebb, Jeff, | ||
| 245 | 1 | 0 |
_aMCAD/MCSD self-paced training kit. _pDeveloping Web applications with Microsoft Visual BASIC .NET and Microsoft Visual C _p .NET : exams 70-305 and 70-315 / _cMicrosoft Corporation with Jeff Webb. |
| 246 | 3 | 0 |
_aDeveloping Web applications with Microsoft Visual Basic .NET and Microsoft Visual C _a .NET |
| 250 | _a2nd ed. | ||
| 260 |
_aNew Delhi : _bPrentice Hall of India, _c2003. |
||
| 300 |
_axxxii, 828 p. : _bill. ; _c24 cm. + _e1 CD-ROM (4 3/4 in.) |
||
| 500 |
_a .NET : exams 70-305 and 70-315 / Microsoft. c2002. _aRev. ed. of: MCAD/MCSD self-paced training kit. Developing Web applications with Microsoft Visual Basic .NET and Microsoft Visual C |
||
| 650 | 0 |
_aElectronic data processing personnel _xCertification. |
|
| 650 | 0 |
_aMicrosoft software _xExaminations _vStudy guides. |
|
| 650 | 0 | _aMicrosoft .NET Framework. | |
| 710 | 2 | _aMicrosoft Corporation. | |
| 942 |
_cBB _k005.2768W3651 |
||
| 999 |
_c566 _d566 |
||